| 000 | 00774nam a2200241 a 4500 | ||
|---|---|---|---|
| 999 |
_c376 _d376 |
||
| 001 | 376 | ||
| 003 | BD-JhCC | ||
| 005 | 20171004163232.0 | ||
| 008 | 171004s2004 bg |||| |||| 000 0 ben d | ||
| 020 | _a9844653770 | ||
| 035 | _a(BD-JhCC)376 | ||
| 040 |
_aBD-JhCC _dBD-JhCC |
||
| 041 | _aben | ||
| 082 |
_a657.024658 _bMOI 2004 |
||
| 100 | _aমঈনউদ্দীন, ফারুখ | ||
| 245 |
_aবেহিসাবীর হিসাবশাস্ত্র / _cফারুখ, মঈনউদ্দীন |
||
| 260 |
_aঢাকা : _bসাহিত্য প্রকাশ, _c২০০৪. |
||
| 300 |
_a১২৬ পৃ. : _c২১ সেমি. |
||
| 504 | _aIncludes bibliography. | ||
| 650 | _aAccounting | ||
| 942 |
_2ddc _cBK |
||